World Leaders Quiz #4 - Statistics

General Stats
  • This quiz has been taken 239 times
    129 since last reset
  • The average score is 13 of 30
Answer Stats
Position Years Leader % Correct
Spanish Dictator 1936-1975 Francisco Franco
89%
Yugoslavian President 1953-1980 Josip Broz Tito
89%
General Secretary of the Khmer Rouge 1963-1979 Pol Pot
84%
Chilean President 1973-1990 Augusto Pinochet
81%
Ugandan Dictator 1971-1979 Idi Amin
80%
Jordanian King 1999- Abdullah II
55%
Panamanian Dictator 1983-1989 Manuel Noriega
54%
U.N. Secretary-General 1997-2006 Kofi Annan
53%
Chilean President 1970-1973 Salvador Allende
53%
Taiwanese President 1950-1975 Chiang Kai-shek
50%
Albanian Dictator 1941-1985 Enver Hoxha
50%
President of Zaire 1965-1997 Mobutu Sese Seko
50%
Kazakh President 1990-2019 Nursultan Nazarbayev
47%
Spanish P.M. 2018- Pedro Sánchez
47%
U.N. Secretary-General;Portuguese P.M. 2017-;1995-2002 António Guterres
42%
U.N. Secretary-General 2007-2016 Ban Ki-moon
42%
Dutch P.M. 2010- Mark Rutte
42%
Jordanian King 1952-1999 Hussein
35%
Swedish P.M. 1969-1976, 1982-1986 Olof Palme
34%
Czech President 1993-2003 Václav Havel
33%
Omani Sultan 1970-2020 Qaboos bin Said
22%
Kazakh President 2019- Kassym-Jomart Tokayev
21%
Taiwanese President 2016- Tsai Ing-wen
21%
Chilean President 2006-2010,2014-2018 Michelle Bachelet
20%
General Secretary of Vietnam; President of Vietnam 2011-;2018-2021 Nguyen Phu Trong
20%
Cameroonian President 1982- Paul Biya
19%
Tunisian Dictator 1987-2011 Zine El Abidine Ben Ali
17%
Cambodian P.M. 1984- Hun Sen
16%
Swedish P.M. 2014-2021 Stefan Löfven
14%
Czech President 2013- Miloš Zeman
13%
No matching quizzes found
Score Distribution
Percent of People with Each Score
Percentile by Number Answered
Your Score History
You have not taken this quiz since the last reset